000 00467nam a2200157 4500
001 126916
003 ES-MaACL
005 20230906192914.0
007 t|
008 070214s1950 sp r ||||1| spa d
100 1 _aRey Caballero, José María del.
_996519
245 1 0 _aMaría al cielo /
_cJosé María del Rey Caballero.
260 _aMadrid :
_b[s.n.],
_c1950 (
_fTip. Martínez Chumillas)
300 _a29 p. ;
_c21 cm.
852 _aES-MaACL
_j1878-F-3
_bR.30411
999 _c126916
_d126916